000 00711nam a2200181Ia 4500
008 151018s9999 xx 000 0 und d
082 _bRBASDV59889
_a891.433
100 _aमदनलाल शर्मा
245 _aप्रेरणादायक सामाजिक कहानियां
250 _b1
260 _bकिरण प्रकाशन
_c2012
300 _a95
600 _aमदनलाल शर्मा
630 _aप्रेरणादायक सामाजिक कहानियां
700 _aमदनलाल शर्मा
730 _aप्रेरणादायक सामाजिक कहानियां
942 _cBOOK
999 _c1053604
_d1053601